000
00328nam a2200145Ia 4500
100
_a
Danilevsky/V
942
_c
BK
654
_a
Laboratory work
245
_a
Laboratory work for courses in mfg. engieering
260
_b
Mir Publishers
_a
Moscow
082
_a
621.8
_b
Dan
300
_a
228
546
_a
ENGLISH
999
_c
34806
_d
34806